000 00394nam a2200169 a 4500
001 4060
003 CO-ViMGA
008 141112s2004 ck r 000 u spa d
040 _aCO-ViMGA
_bspa
_cCO-ViMGA
082 0 4 _a616.849 N677i
100 1 _aNorton, Tom
245 1 0 _aEl insomnio
260 _aBarcelona :
_bEditors,
_c1996
300 _a157 p : il
650 1 4 _aINSOMNIO
942 _2ddc
_cBK
999 _c16076
_d16076